| 000 | 00759nam a2200229 a 4500 | ||
|---|---|---|---|
| 005 | 20260206064027.0 | ||
| 008 | 991125m19832001mx 000 0 spa u | ||
| 020 | _a9684392117 | ||
| 035 | _aUPN01000001546 | ||
| 049 | _aCG | ||
| 050 | 4 |
_aQA159 _bB3.3 1970 |
|
| 100 | 1 |
_aBaldor, Aurelio Angel, _d1906-1978 _931358 |
|
| 245 | 1 | 0 |
_aAlgebra : _bcon gráficas y 6523 ejercicios y problemas con respuestas / _cAurelio Baldor. |
| 250 | _aNueva ed. | ||
| 260 |
_aMéxico : _bCultural, _c1983 (2001 impr.). |
||
| 300 |
_a575 p. : _bil. |
||
| 590 | _a(También localizas un ejemplar en el "Area de Reserva") | ||
| 590 | _aBibliografía Básica (BGTQ) | ||
| 650 | 4 |
_aALGEBRA - _xFUNDAMENTOS _92152 |
|
| 650 | 4 |
_aÁlgebra _xEnseñanza programada _92216 |
|
| 905 | _aLibro | ||
| 999 |
_c1546 _d1546 |
||